| 000 | 00971nam a22002897a 4500 | ||
|---|---|---|---|
| 999 |
_c389429 _d389429 |
||
| 001 | 103592 | ||
| 003 | UA-OsUOA | ||
| 005 | 20230504161332.0 | ||
| 007 | ta | ||
| 008 | 20131107b un ||||| |||| 00| 0 ukr d | ||
| 020 | _a9789662025569 | ||
| 040 |
_aUA-OsUOA _bukr _cUA-OsUOA _dUA-OsUOA |
||
| 041 | _aukr | ||
| 080 | _a004.652.4(075.8) | ||
| 090 |
_a004.652.4(075.8) _bБ48 |
||
| 100 | _aБерко А. Ю. | ||
| 245 |
_aСистеми баз даних та знань _bнавчальний посібник |
||
| 246 | 3 | 1 |
_aкн. 2 _nСистеми управління базами даних та знань |
| 260 |
_aЛьвів _bМагнолія-2006 _c2012 |
||
| 300 | _a584 с. | ||
| 650 | 7 |
_a00 Загальні питання науки і культури _2UDC |
|
| 700 | _aВерес О. М. | ||
| 700 | _aПасічник В. В. | ||
| 942 |
_cBK _2udc |
||
| 955 | _a2 | ||